8 planètes - Statistiques

Statistiques générales
  • Ce quiz a été pris 217 fois
  • Le résultat moyen est 7 sur 8
Statistiques - réponses
Commande Répondre % Correct
3. Terre
98%
4. Mars
97%
5. Jupiter
94%
6. Saturne
94%
2. Vénus
89%
1. Mercure
88%
8. Neptune
86%
7. Uranium
9%
Aucun quiz correspondant
Distribution des résultats
% des personnes avec chaque résultat
Percentile par nombre de réponses
Votre historique - résultats
Vous n’avez pas pris ce quiz